| 000 | 00678cam a22002413a 4500 | ||
|---|---|---|---|
| 001 | 4212 | ||
| 003 | PGUSA | ||
| 005 | 20140828083050.0 | ||
| 008 | 030701s2003||||xxu|||||s|||||000 | eng d | ||
| 040 |
_aPGUSA _beng |
||
| 042 | _adc | ||
| 050 | 4 | _aHN | |
| 100 | 1 |
_aArnold, Matthew, _d1822-1888 |
|
| 245 | 1 | 0 |
_aCulture and Anarchy _h[electronic resource] / _cMatthew Arnold |
| 260 |
_bProject Gutenberg, _c2003 |
||
| 506 | _aPublic domain in the USA. | ||
| 516 | _aElectronic text | ||
| 653 | _aGreat Britain -- Social conditions -- 19th century | ||
| 653 | _aCulture | ||
| 830 | 0 |
_aProject Gutenberg _v4212 |
|
| 856 | 4 | 0 | _uhttp://www.gutenberg.org/ebooks/4212 |
| 942 | _cEB | ||
| 999 |
_c233541 _d233541 |
||